Score 0/42 Timer 05:00
1 Play Today
% Correct
Alaska
93.6%
Mongolia
93.2%
Brasil
93.1%
China
93.1%
Japón
93.1%
Siam
93%
Argentina
92.9%
India
92.9%
Alberta
92.9%
Venezuela
92.9%
Kamchatka
92.9%
Perú
92.8%
Ucrania
92.8%
Ural
92.8%
Europa del Sur
92.7%
Madagascar
92.7%
Afganistán
92.7%
Indonesia
92.7%
Siberia
92.6%
Europa del Norte
92.5%
Egipto
92.5%
% Correct
Islandia
92.5%
Irkutsk
92.5%
Nueva Guinea
92.5%
Groenlandia
92.3%
África del Sur
92.3%
Gran Bretaña
92.2%
Ontario
92.1%
Yakutsk
91.9%
África del Norte
91.8%
Territorio Del Noroeste
91.6%
América Central
90.9%
África Oriental
90.4%
Australia Occidental
90.1%
Escandinavia
89.5%
Oriente Medio
89.5%
Estados Unidos del Oeste
89%
Europa Occidental
88.6%
África Central
88.2%
Estados Unidos del Este
87.7%
Canadá Oriental
87.5%
Australia Oriental
87.2%
Remove Ads.
Support Sporcle.
Get the best of Sporcle when you Go Orange. This ad-free experience offers more features, more stats, and more fun while also helping to support Sporcle. Thank you for becoming a member.

You're not logged in!

Compare scores with friends on all Sporcle quizzes.
OR
Log In

Show Comments

Extras

Top Quizzes Today


Score Distribution

Your Account Isn't Verified!

In order to create a playlist on Sporcle, you need to verify the email address you used during registration. Go to your Sporcle Settings to finish the process.

Report this User

Report this user for behavior that violates our Community Guidelines.

Details: